000 00735nam a2200217 i 4500
001 172482
003 ES-MaACL
005 20230906214929.0
008 090709s1997 fr |||| | fre d
020 _a2-90822-879-3
080 _a003.2(091)
080 _a003.33/34(091)
100 1 _aOuaknin, Marc-Alain.
_9141026
245 1 0 _aLes mystères de l'alphabet
_b: l'origine de l'écriture /
_cMarc-Alain Ouaknin.
260 _aParis :
_bÉditions Assouline,
_c[1997]
300 _a371 p. :
_bil. ;
_c22 cm.
504 _aIncluye referencias bibliográficas.
650 4 _aEscritura-
_xHistoria.
_912402
650 4 _aAlfabeto-
_vHistoria.
_99718
852 _aES-MaACL
_jE-12796
_9R.139418
_z.- Biblioteca Jacinto Martínez Lacalle
999 _c172482
_d172482